Statistics for 4-Letter Movie Chain #2

Click here to take the quiz!

General Stats

  • This quiz has been taken 37,964 times
  • The average score is 15 of 22

Answer Stats

HintAnswer% Correct
Clownfish who needed to be foundNemo
97%
"Singin' in the ___"Rain
94%
Automotive Pixar movieCars
91%
Gorilla who was king of Skull IslandKong
87%
Anakin's sonLuke
86%
"Fight Club" starPitt
80%
Type of movie that is long and
has lots of heroic deeds
Epic
76%
Captain of the USS EnterpriseKirk
72%
Adorable creature from "Return of the Jedi"Ewok
71%
Black Pearl, Pequod, or Poseidon, e.g.Ship
70%
Dr. Frankenstein's hunchbacked assistantIgor
64%
Citizen with a sled named RosebudKane
62%
Hawaiian island or "Moana" characterMaui
61%
Movie about a man who goes
inside a computer
Tron
59%
Han Solo: "Never tell me the ____"Odds
58%
To fail disastrously at the box officeBomb
57%
Johnny Depp movie, or slang for cocaineBlow
53%
Creature from "Tremors": Giant ____Worm
50%
To deny an Oscar to one who is deservingSnub
47%
Lighting and rigging supervisor: Key ____Grip
45%
Lead actor from "To Kill a Mockingbird"Peck
45%
Feral woman with her own language
portrayed by Jodie Foster
Nell
34%

Score Distribution

Percentile by Number Answered

Percent of People with Each Score

Your Score History

You have not taken this quiz